| 000 | 01279cam a2200229 4500 | ||
|---|---|---|---|
| 001 | WB3926-12 | ||
| 008 | 030708n2003 000 0 eng u | ||
| 035 | _a(Sirsi) u122957 | ||
| 245 | _aHome information pack blueprint | ||
| 260 | _c2003 | ||
| 490 |
_aRICS News Service _v2 July 2003 (2) |
||
| 520 | _aRICS has responded to the government's consultation on the contents of the home information pack (HIP). RICS supports the inclusion of a core set of information and a home condition report, with nothing in the pack being optional. Responses to standard searches should be no more than three months old at the time marketing commences. The new system must be properly regulated with significant additional resources provided to achieve it. The full response is available at http://www.rics.org/ricscms/bin/show?class=Policy&template=/includes/showpolicy.html&id=778. http://www.rics.org/ricscms/bin/show?class=News&template=/includes/shownews.html&id=6329&faculty=RICS | ||
| 590 | _aWB | ||
| 650 | _aHOME INFORMATION PACKS | ||
| 650 | _aHOME CONDITION REPORTS | ||
| 650 | _aPROPERTY SEARCHES | ||
| 650 | _aCOMPLAINTS HANDLING PROCEDURES | ||
| 650 | _aPROPERTY MARKETING | ||
| 650 |
_aRESIDENTIAL PROPERTY _96266 |
||
| 690 | _aHOUSING-OWNER OCCUPIED | ||
| 942 | _n0 | ||
| 999 |
_c73009 _d73009 |
||